Представление документа в формате RUSMARC

ПолеНазваниеЗначение
  Тип записи i
  Библиографический уровень m
001 Контрольный номер LIBNET\0000434760
005 Дата корректировки 20260602141241.3
010 Индекс ISBN __
d Цена 240-00
100 Данные общей обработки __
a Данные общей обработки 19160919d2011####||| 0rusy0189 ca
101 Язык документа 0_
a Язык текста rus
102 Страна публикации __
a Страна публикации RU|
105 Кодированные данные (монография) __
a Кодированные данные (монография) nn|||||||||zy
127 Кодированные данные (звукозаписи-физические характеристики) __
a Продолжительность проигрывания 06 ч
200 Заглавие и сведения об ответственности 1_
a Заглавие Бойцовский клуб
e Сведения, относящиеся к заглавию [18+]
f Первые сведения об ответственности Чак Паланик ; [читает Станислав Концевич]
b Общее обозначение материала Звукозапись
210 Выходные данные __
a Место издания Москва
c Издательство Аудиокнига
d Дата издания 2011
215 Физическое описание __
a Объем 1 электрон. опт. диск (Audio CD)
c Иллюстрации/тип воспроизводства зв.
d Формат 13х14 см
225 Серия __
a Серия Бестселлер
230 Специфическая характеристика материала: электронные ресурсы __
a Обозначение и объем ресурса Электронные звуковые данные
300 Общие примечания __
a Общие примечания Заглавие с этикетки диска
323 Примечание о главных создателях, исполнителях, участниках __
a Примечание о главных создателях, исполнителях, участниках Концевич, С. (читает)
330 Аннотация __
a Аннотация Мучимый хронической бессонницей и пытающийся как-то разнообразить свою скучную жизнь клерк случайно в самолете знакомится с Тайлером Дарденом, торговцем мылом со странной философией: самосовершенствование - удел слабых, а саморазрушение - единственное, ради чего стоит жить. Знакомство перерастает в странную дружбу, которая, спустя некоторое время, приводит к организации так называемого «Бойцовского клуба». Клуба, в котором главное - это не победа, а умение терпеть и наслаждаться болью…
333 Примечание о целевом назначении __
a Примечание о целевом назначении 18+. Запрещено для детей
337 Примечание о системных требованиях (электронные ресурсы) __
a Примечание о системных требованиях (электронные ресурсы) Системные требования: CD-плеер с поддержкой MP3 или Pentium-223 с Windows 9-x-XP ; CD-ROM ; звуковая карта
606 Тематические рубрики __
a Основная рубрика Художественная литература
606 Тематические рубрики __
a Основная рубрика Литература Америки (произведения)
610 Ключевые слова __
a Ключевые слова американская литература
a Ключевые слова тема жестокости
a Ключевые слова тема раздвоения личности
a Ключевые слова триллеры
a Ключевые слова экранизированные книги
686 Индексы других классификаций __
2 Код системы rubbks
a Классификационный индекс 84(7Сое)6-445я04
700 Автор _1
a Фамилия Паланик
b Имя Ч.
g Полное личное имя Чак
4 Код отношения 070
801 Источник записи _0
a Страна RU
b Организация Муниципальное бюджетное учреждение культуры "Централизованная библиотечная система" г. Сургут (Центральная городская библиотека им. А. С. Пушкина)
c Дата составления 20160919
g Правила каталогизации КиК/Котельникова
801 Источник записи _1
a Страна RU
b Организация Муниципальное бюджетное учреждение культуры "Централизованная библиотечная система" г. Сургут (Центральная городская библиотека им. А. С. Пушкина)
c Дата составления 20160919
g Правила каталогизации КиК/Котельникова
852 Данные о местонахождении __
j Шифр хранения 84(7Сое)6-445я04
i Авторский знак П 14
901 Тип документа __
t Тип документа 0
903 Характеристики (МАРС) __
a Дата передачи 20160919
969 Тип издания __
a Тип издания издание для слепых; аудиокнига
990 Данные о заказе (DOS) __
j Количество экземпляров (DOS) 1
t N записи в КСУ для И/У (DOS) 201609
996 Контроль за деятельностью лиц, находящихся под иностранным влиянием __
b Текстовое указание Содержит информацию о наркотических или психотропных веществах, употребление которых опасно для здоровья. Их незаконный оборот влечет уголовную ответственность (18+)